| 000 | 00844cab a2200265 4500 | ||
|---|---|---|---|
| 001 | ABS58099 | ||
| 008 | 090401t1997 xxu||||| |||| 00| 0 eng d | ||
| 035 | _a(Sirsi) u82569 | ||
| 041 | _aeng | ||
| 100 | _aMale, J. | ||
| 245 | 4 | _aThe independent expert`s duties and liabilities | |
| 260 | _c1997 | ||
| 350 | _a0 | ||
| 490 |
_aRent Review & Lease Renewal _v17(4) 1997, 313-321(9) |
||
| 520 | _aExamines the scope and nature of the duties of an independent expert in rent review, explaining how and why they might be negligent. | ||
| 650 | _aALTERNATIVE DISPUTE RESOLUTION | ||
| 650 | _aINDEPENDENT ARBITRATORS | ||
| 650 | _aINDEPENDENT EXPERTS | ||
| 650 | _aLIABILITY | ||
| 650 | _aNEGLIGENCE | ||
| 650 | _aRENT REVIEWS | ||
| 690 | _aMANAGEMENT-BUSINESS MANAGEMENT-PROFESSIONAL PRACTICE | ||
| 942 | _n0 | ||
| 948 | _c10/12/1997 | ||
| 999 |
_c52141 _d52141 |
||